[Event "Tata Steel-A 77th"]
[Site "Wijk aan Zee"]
[Date "2015.01.17"]
[Round "7"]
[White "Aronian, Levon"]
[Black "Caruana, Fabiano"]
[Result "1/2-1/2"]
[WhiteElo "2797"]
[BlackElo "2820"]
[Annotator "Sagar Shah"]
[PlyCount "93"]
[EventDate "2015.01.10"]
[EventType "tourn"]
[EventRounds "13"]
[EventCountry "NED"]
[EventCategory "20"]
[SourceTitle "CBM 165"]
[Source "ChessBase"]
[SourceDate "2015.03.11"]
[SourceVersion "1"]
[SourceVersionDate "2015.03.11"]
[SourceQuality "1"]

1. d4 Nf6 2. c4 e6 3. Nc3 Bb4 4. e3 {The e3-variation against the Nimzo-Indian
is maybe the most popular way for White to play after the classical system
with Qc2. How can a move that shuts in the bishop on c1 be any good. As
experience has shown in this opening, it is much better for White to play in a
slightly unambitious fashion with 4.e3 rather than 4.Bg5, the Leningrad
Variation. The reason of it is that White would like to open the centre with
e3-e4 after due preparation when it is the most advantageous for him.} O-O 5.
Nf3 (5. Nge2 {is another popular way to play this position.}) 5... c5 6. Bd3 d5
7. O-O {The classical tabiya of this opening variation. At this point Black
has to make an important decision. Would he like to dissolve the tension in
the centre with the move cxd4 and dxc4 which would leave White with an
isolated pawn or would he like to play his knight to c6 which results in an
extremely popular opening position after Nc6 a3 Bxc3 bxc3. Caruana chooses the
former.} cxd4 (7... Nc6 8. a3 Bxc3 9. bxc3 dxc4 10. Bxc4 Qc7 {is one of the
most popular opening tabiyas in the e3 Nimzo Indian.}) 8. exd4 dxc4 9. Bxc4 b6
{This is a good position in which to take stock of the opening. White has an
isolated pawn on d4 but in return he has free flowing development. His bishop
has a natural square on g5 and his rooks have two semi-open files to work with
from e1 and c1. On the other hand Black is a tad passive but he too has a very
cohesive way of developing with the bishop going to b7 and the knight
developing either on d7 or c6. The thing which gives this position a different
flavour from normal IQP positions is the location of the bishop on b4 instead
of e7. In many positions Black takes on c3 and gives White hanging pawns which
he then tries to blockade or break up with e6-e5.} 10. Bg5 Bb7 11. Rc1 {
A question which puzzles player even at the highest levels is where to place
rooks in such IQP positions. Nimzowitch said that it is logical to put the
rooks on c1 and d1 in his famous book "My System". Later through praxis it was
confirmed that in order to avoid exchanges and launch a successful attack,
White must place his rooks on d1 and e1. But here things are different as the
bishop is on b4. Aronian would like to recapture the on c3 with his rook just
in case Caruana chops off the knight with his bishop.} Nc6 (11... Nbd7 {
is the normal way to develop because it allows Black to put his rook on c8
which will put pressure down the c-file. Yet Nc6 is not so uncommon.}) 12. Qd3
$5 {Now this is a rare move. It had been played by Alekhine back in 1933. It
could be possible that Aronian got the idea of trying out this move when he
was studying the games of the fourth World Champion. The idea is twofold. One
is to at some point exchange the bishop on b7 with Ba6 and the other could be
to play a3-Ba2-b1 and put pressure on the black kingside.} (12. a3 {is more
commonly played.} Be7 13. Qd3 Rc8 {White would have preferred that he hadn't
wasted a tempo on playing his rook to c1 and that he could have brought it
directly to d1.}) 12... Rc8 (12... Na5 $6 13. Ba6 $1 Bxf3 {Trying to win the
d4-pawn but this backfires badly after} (13... Bxa6 14. Qxa6 $14 {puts quite
some pressure on the Black queenside.}) 14. Qxf3 Qxd4 15. Rfd1 $1 Qe5 (15...
Qg4 16. Qxg4 Nxg4 17. Rd4 $16) 16. Bxf6 Qxf6 (16... gxf6 17. Qg4+ $18 {[%cal
Gg4b4]}) 17. Qxf6 gxf6 18. Ne4 Kg7 (18... f5 19. Nf6+ Kg7 20. Nd7 Rfd8 21. Rd3
$16 {[%csl Rg7][%cal Gd3g3,Gd7e5]}) 19. a3 Be7 20. b4 f5 21. Nd2 $16) ({
The game of Alekhine went like this} 12... Be7 13. a3 Nd5 $6 14. Bxd5 $1 (14.
Bxe7 Ncxe7 $11 {is very comfortable for Black.}) 14... Bxg5 15. Nxg5 Qxg5 16.
Be4 g6 (16... f5 {is weakening but maybe better than the text.} 17. Bf3 $14)
17. Qb5 Qxb5 18. Nxb5 {Black's queenside is pretty weak and on the verge of
falling apart.} Na5 19. Bxb7 Nxb7 20. Rc7 Rfb8 {Even though Black is horribly
passive, White lacks an effective finishing shot.} 21. Re1 a6 22. Nc3 Nd6 23.
d5 Ne8 $2 (23... exd5 24. Nxd5 b5 $11 {was probably not enough for an
advantage for White.}) 24. Rc6 exd5 25. Nxd5 b5 $2 (25... a5 {was relatively
better but after} 26. Rxb6 {White wins a pawn.}) 26. Nb6 $1 {The game ends all
of a sudden!} Rxb6 (26... Ra7 27. Nc8 $18 {is the neat point!}) 27. Rxb6 $18 {
The rest is a matter of technique for Alekhine.} Kf8 28. Rc1 Ra7 29. Rb8 Re7
30. Kf1 Re6 31. Re1 Ke7 32. Rxe6+ fxe6 33. Rb7+ Kd6 34. Rxh7 a5 35. Rh6 Kd5 36.
Rxg6 Nd6 37. h4 Nc4 38. h5 {1-0 (38) Alekhine,A-Baratz,A Paris 1933}) 13. Rfd1
{Defending the d4-pawn so that it is possible to play Ba6.} (13. a3 Bxc3 (13...
Be7 {is also possible and equally good.}) 14. Rxc3 (14. bxc3 Na5 15. Ba2 Be4 $1
16. Qe2 Bd5 $1 {and as c4 is not possible in this position, Black will clamp
down on that square and achieve a firm blockade.} 17. c4 $6 (17. Bxd5 Qxd5 18.
Bxf6 gxf6 $11) 17... Bxf3 18. Qxf3 Qxd4 $15) 14... Na5 15. Ba2 Rxc3 16. bxc3 (
16. Qxc3 h6 $1 {Smartly pushing the bishop to the h4-square.} (16... Bxf3 17.
Qxf3 Qxd4 18. b4 $18 {[%csl Ra5]}) 17. Bh4 (17. Bxf6 Qxf6 $15) 17... Bxf3 $1
18. Qxf3 Qxd4 $15 {[%cal Gd4h4]}) 16... Be4 17. Qe2 Bd5 18. Bxd5 (18. c4 Bxf3
19. Qxf3 Qxd4 $15) 18... Qxd5 19. Bxf6 gxf6 20. Nd2 f5 $11) (13. Ba6 {is
natural but doesn't really work.} Bxa6 14. Qxa6 Nxd4 $15 {doesn't really give
White too much compensation.}) 13... Na5 14. Bb5 {This move is a little
surprising. It seemed natural to go to a6 and exchange the bishop.} (14. Ba6
Bxa6 15. Qxa6 {Maybe Aronian was afraid of some kind of a blockade on the
c4-square after} Bxc3 16. bxc3 Nc4 (16... h6 $1 17. Bxf6 Qxf6 18. Qxa7 Nc4 $44)
17. Qxa7 $6 {This position reminds me of the game Taimanov-Karpov, 1973 which
is an absolute classic in such structures.} (17. Ne5 $1 $14 {is the best move
for White after which he keeps an advantage.}) 17... Rc7 18. Qa6 (18. Bxf6 gxf6
19. Qa6 Qd5 $15) 18... Qd5 $1 19. Bxf6 Ra8 $1 $19) 14... h6 15. Bh4 Bxc3 {
The start of a very interesting idea by Black to blockade the c4-square.} 16.
bxc3 (16. Rxc3 Rxc3 17. bxc3 Qd5 {is not so dangerous for Black.}) 16... Qd5 $1
{Caruana assesses the position very well and comes to the conclusion that
controlling the c4-square is much more important than maintaining the
integrity of his kingside pawn structure.} 17. c4 {Aronian understands the
urgency of the position and prevents the blockade on c4 at all costs.} (17.
Bxf6 gxf6 $15 {[%csl Rc4][%cal Ga5c4,Gc8c4,Gd5c4] With this move Qd5, the
knight on f3 is sort of pinned to the g2-square and cannot move. So Bxf6 loses
some of its punch because White doesn't really have a way to take advantage of
the weakened black kingside after that.}) 17... Qh5 18. Bxf6 (18. Bg3 $6 a6 19.
Ba4 Nxc4 $1 20. Rxc4 Rxc4 21. Qxc4 b5 22. Qb3 Rc8 $1 $17 {[%csl Ra4] The
bishop is anyway trapped.} (22... Bxf3 23. Qxf3 Qxf3 24. gxf3 bxa4 $15)) 18...
gxf6 19. d5 {White is burning all his bridges. But that is what he has to do
in this position. The bishop on b7 is shooting down the long diagonal, there
was the threat of a6 followed by pressure on the c4-pawn and also the idea of
Kh8 and Rg8. All these factors were good enough for Aronian to play in the
most aggressive fashion.} exd5 20. c5 $5 {A brilliant idea by Aronian. Full
marks for the creativity. Objectively this might not be the best try but when
you give up two pawns it is bound to create some confusion in the mind of your
opponent.} Nc4 $1 {The most human way to play this position.} (20... bxc5 {
was interesting.} 21. Qc3 {was most probably Aronian's idea to launch a double
attack on a5 and f6.} d4 $1 (21... Nc4 $6 22. Qxf6 $36) 22. Qxa5 Bxf3 23. gxf3
Kh8 $1 {What is the assessment of this position is quite an open question. To
me, it seems that White's defensive task is pretty difficult.} 24. Bd7 Rg8+ 25.
Kf1 Rce8 $1 {Brilliant!} 26. Bxe8 Rxe8 {The threat is Qh3 followed by Rg8.} 27.
Kg2 Rg8+ 28. Kf1 Qxf3 $19 {with the decisive idea of Rg2 followed by Qg4.}) 21.
Qd4 $5 {Once again creating maximum confusion on the board. It is not for
nothing that Aronian is considered one of the most resourceful players in top
level chess.} (21. cxb6 Nb2 22. Qd4 Nxd1 23. Rxd1 axb6 $15 {might well be
insufficient compensation.}) 21... Rxc5 $1 22. Qxf6 Qg6 $1 {Credit must also
go to Caruana for continuously playing the best possible move in the given
position.} (22... Rxb5 23. Nd4 $1 {was the very nice idea that Aronian had up
his sleeve. The rook is attacked and there is also a brutal mating threat with
Nf5.} Rc5 24. Nf5 $18) 23. Qe7 {Continuing the fight.} (23. Qxg6+ fxg6 $17 {
would not be such a great idea. Black is a pawn up without White having any
concrete compensation.}) 23... Bc8 (23... Rxb5 24. Qxb7 Ra5 {Black has
defended all his weaknesses i.e the d5 pawn as well as the a7. But White keeps
some compensation after} 25. Qe7 $5 Rxa2 26. h3 $1 {The idea of this brilliant
move found by the computer is to play Rd4-g4.} Ra5 27. Rd4 $44 {In spite of
Black being two pawns up the king on g8 is not sitting comfortably.}) 24. Bxc4
dxc4 25. Rc3 (25. Rd6 $5 {was a more active choice but Black keeps an edge
after} Qg7 $15 (25... Be6 26. Qxa7)) (25. Qxa7 $2 Bh3 26. g3 Qf6 $19 {[%csl
Rf3,Rg1,Rg2,Rh3] The weak light squares will spell the doom of the white king.}
) 25... Qg7 26. Nd4 Rg5 27. Rg3 (27. g3 b5 $19) 27... f6 $2 {Caruana is unable
to keep up the fantastic defensive effort and finally commits an error. Black
had almost consolidated his extra pawn and should have continued} (27... Rxg3
28. hxg3 Qg5 29. Qxa7 Qc5 $17 {With Rd8 coming up and the passed c-pawn, this
looks like an extremely difficult position for White.}) 28. Qe2 {Aronian
retreats his queen proving his point that the move f6 has left Black with lots
of holes in his position.} Qf7 29. Nb5 Qe6 30. Qc2 {Not exchanging the queens.}
Bb7 31. Nd4 $1 Qe4 (31... Qf7 32. Nf5 $1 {[%csl Rh6]} Qe6 33. Nd4 $11 (33.
Nxh6+ Kh8 $13)) 32. Qxc4+ {White recovers his pawn and no longer stands worse.}
Bd5 33. Qc3 Rxg3 34. Qxg3+ Kh7 35. f3 Qe3+ 36. Kh1 Rg8 37. Qc7+ Kh8 38. Qc2 (
38. Qxa7 Qf2 $19) 38... Bf7 39. h3 Rd8 40. Nf5 Rxd1+ 41. Qxd1 Qg5 42. Qd8+ (42.
g4 $1 {Could White have tried to play for a win in this position? We all know
how dangerous the combination of a knight and queen is in such endgames. An
illustrative line could go something like this} Bxa2 43. h4 Qg6 (43... Qf4 44.
Qd8+ Bg8 (44... Kh7 45. Qe7+ $18) 45. Qxf6+ $18) 44. h5 Qf7 45. Qd8+ Kh7 46.
Qd2 Bb1 47. Qxh6+ Kg8 48. Ng3 $14 {I would not prefer to be in Black's shoes
in a position like this.}) 42... Kh7 43. Qc7 Kg6 44. Nd6 Bxa2 45. Qc2+ f5 46.
Nc8 Qe3 47. Nxa7 {Finally both the players settle for the draw. It must be
said that Caruana's defensive skills and Aronian's resourcefulness were two
things that shone brightly in this game.} 1/2-1/2